IMF History Volume 2 (1945-1965) : Twenty Years of International Monetary Cooperation Volume II; Analysis.

This paper discusses the history of the first 20 years of the IMF. It attempts to recount objectively what were its origins and what have been its plans and activities. The paper contains a chronological account of the evolution of the IMF from the original plans formulated in 1941 to the end of 196...

Full description

Bibliographic Details
Corporate Author: International Monetary Fund
Format: Journal
Language:English
Published: Washington, D.C. : International Monetary Fund, 1996.
Online Access:Full text available on IMF
LEADER 01405cas a2200193 a 4500
001 AALejournalIMF010720
008 230101c9999 xx r poo 0 0eng d
020 |z 9781451962925 
040 |a BD-DhAAL  |c BD-DhAAL 
110 2 |a International Monetary Fund. 
245 1 0 |a IMF History Volume 2 (1945-1965) :   |b Twenty Years of International Monetary Cooperation Volume II; Analysis. 
264 1 |a Washington, D.C. :  |b International Monetary Fund,  |c 1996. 
300 |a 1 online resource (649 pages) 
500 |a <strong>Off-Campus Access:</strong> No User ID or Password Required 
500 |a <strong>On-Campus Access:</strong> No User ID or Password Required 
506 |a Electronic access restricted to authorized BRAC University faculty, staff and students 
520 3 |a This paper discusses the history of the first 20 years of the IMF. It attempts to recount objectively what were its origins and what have been its plans and activities. The paper contains a chronological account of the evolution of the IMF from the original plans formulated in 1941 to the end of 1965, with a supplementary chapter summarizing subsequent events. It analyzes the IMF's policies in three major fields and reviews its constitutional development. 
538 |a Mode of access: Internet 
856 4 0 |z Full text available on IMF  |u http://elibrary.imf.org/view/books/071/15110-9781451962925-en/15110-9781451962925-en-book.xml  |z IMF e-Library